Ob imuščestvennom nasledstve SEV.

Na 46. zasadaní RVHP v júni 1991 sa prijalo rozhodnutie o rozpustení RVHP. RVHP ako právnicka osoba vlastnila rôzne budovy so zariadením v Moskve. Dôvody, prečo toto vlastníctvo pripadlo ZSSR a následne Rusku.

Salvato in:
Dettagli Bibliografici
Autore principale: Morozov, V.
Natura: Capitolo di libro
Lingua:russo
Soggetti:
Tags: Aggiungi Tag
Nessun Tag, puoi essere il primo ad aggiungerne!!

MARC

LEADER 00000naa a2200000 4500
001 r011690
005 20221208123109.9
041 0 |a rus 
044 |a [SU] 
245 1 0 |a Ob imuščestvennom nasledstve SEV.  |c V. Morozov 
520 |a Na 46. zasadaní RVHP v júni 1991 sa prijalo rozhodnutie o rozpustení RVHP. RVHP ako právnicka osoba vlastnila rôzne budovy so zariadením v Moskve. Dôvody, prečo toto vlastníctvo pripadlo ZSSR a následne Rusku. 
610 2 0 |a RVHP 
610 2 0 |a 1991 
610 2 0 |a likvidácia majetku 
610 2 0 |a vlastníctvo 
610 2 0 |a Rusko 
100 1 |a Morozov, V.